🇵🇱 Rozpoznaj miasto po znanych ulicach - Statystyki

Ogólne statystyki
  • Ten quiz został rozwiązany 51 razy
  • Średni wynik to 8 z 24
Statystyki odpowiedzi
Ulice to m.in.: Miasto % Poprawnych
Marszałkowska Krakowskie Przedmieście Aleje Jerozolimskie Wolska Warszawa
94%
Krupówki Kościeliska Bronisława Czecha Na Gubałówkę Zakopane
86%
Głogowska Święty Marcin Szwedzka Ostrów Tumski Poznań
80%
Piotrkowska Jana Kilińskiego Ogrodowa Zachodnia Łódź
78%
Długi Targ Długa Piwna Mariacka Gdańsk
68%
Tadeusza Kościuszki al. Wojciecha Korfantego al. Walentego Roździeńskiego Gliwicka Katowice
66%
al. Wojska Polskiego Wały Chrobrego Korsarzy Krzysztofa Kolumba Szczecin
58%
Romualda TrauguttaJózefa Piłsudskiego Powstańców Śląskich Świdnicka Wrocław
56%
al. Warszawska Krakowskie Przedmieście Droga Męczenników Majdanka Aleje Racławickie Lublin
54%
Klasztorna al. Najświętszej Maryi Panny Świętego Rocha Krakowska Częstochowa
32%
Podzamcze Droga do Zamku Basztowa Grodzka Kraków
28%
Krakowska Piastowska Oleska Ozimska Opole
26%
Bohaterów Warszawy Promenada Gwiazd Zwycięstwa Gryfa Pomorskiego Międzyzdroje
18%
Mikołowska Parkowa Wilcza Konstantego Damrota Tychy
16%
al. Jana Pawła II Świętojańska 10 Lutego Polska Gdynia
14%
Władysława Sikorskiego Franciszka Walczaka Bolesława Chrobrego Spichrzowa Gorzów Wielkopolski
12%
1 Maja Wolności Cieplicka Dworcowa Jelenia Góra
12%
Stefana Żeromskiego Juliusza Słowackiego 25 Czerwca Andrzeja Struga Radom
10%
Wrocławska al. Niepodległości Kupiecka Bohaterów Westerplatte Zielona Góra
10%
Piastów Śląskich Stanisława Moniuszki Piotra Wysockiego Władysława Andersa Wałbrzych
6%
Sławięcicka Piastowska Pamięci Sybiraków Wyspa Kędzierzyn-Koźle
4%
Juliusza Słowackiego Franciszkańska al. XXV Polskiej Drużyny Strzel. Jagiellońska Przemyśl
2%
Grodzisko Ignacego Daszyńskiego Wita Stwosza Artura Grottgera Kłodzko
0%
Witelona Adama Mickiewicza Henryka Jordana Powstańców Śląskich Legnica
0%
Nie znaleziono quizów pasujących do podanych kryteriów
Rozkład punktacji
Procent ludzi z każdym wynikiem
Percentyl według liczby udzielonych odpowiedzi
Twoja historia wyników
Nie rozwiązałeś tego quizu